LEADER 00527nam a2200169 i 4500 001 000000182960 003 CaOOAMICUS 005 20100513000000.0 008 100513n it u000 u ita u 013 $a160921 040 $aSeMil$bita 245 10$a3. 300 $a471 p. 773 0 $tEvangelizzazione e culture.$dRoma : Pontificia Università Urbaniana, 1976.$g3$w()23309 850 $aSeMil 852 $aSeMil$W1$xVenegono$y1$m2F IV 144$j133664$B133664$CSeMilBibl$Z2$F151897 $81 996 $6245$a3$9(OLS)http://semarc/title/47129 LEADER 01207nam a2200265 i 4500 001 000000009993 003 CaOOAMICUS 005 20180830125440.0 008 180830s1986 fr u000 u und u 040 $aSeMil$bita 100 0 $aGregorius I,$c.$0(OLS)http://semarc/name/465 245 10$aHomélies sur Ézèchiel /$cGrégoire le Grand. 260 $aParis :$bLes Éditions du Cerf,$c1986-1990. 300 $a2 v. ;$c20 cm. 500 $aTesto latino a fronte. 650 4$aBibbia. Antico Testamento. Ezechiele - Commentari, studi, critica, interpretazioni.$0(OLS)http://semarc/subject/477 773 0 $tSources chrétiennes.$dParis : Les Éditions du Cerf, 1941-$kSources chrétiennes$x0750-1978$w()41 774 0 $tLivre 2..$kSources chrétiennes$z2-204-04116-5$z0-204-04116-5$g2$w()51567 774 0 $tLivre 1..$kSources chrétiennes$z2-204-02-584-4$g1$w()89568 900 0 $aGregorio : Magno$c. 900 0 $aGregorio I$c. 996 $6245$aHomélies sur Ézèchiel$9(OLS)http://semarc/title/13212 996 $6260$aParis :$bLes Éditions du Cerf$9(OLS)http://semarc/publisher/29611